| 000 | 00839nam0a22002411 4500 | ||
|---|---|---|---|
| 001 | rc\116836 | ||
| 005 | 20021216134819.2 | ||
| 035 | _a(NLR Aleph) 005375367 | ||
| 090 |
_a7043782 _c7043782 |
||
| 100 | _a20021216d1994 u |0rusy50 ca | ||
| 101 | 0 | _arus | |
| 102 | _aRU | ||
| 105 | _aa ||||||||| | ||
| 200 | 1 |
_aПамяти павших _e[О воинах г. Глазова и Глазов. р-на] |
|
| 205 | _a2-е изд., испр. и доп. | ||
| 210 |
_aГлазов _cИсполкомы Глазов. гор. и район. Советов нар. депутатов _d1994 |
||
| 215 |
_a719, [4] с., [26] л. ил. _cил. _d22 |
||
| 700 | 1 |
_aЛогинов _bА. В. _gАлексей Владимирович |
|
| 801 | 0 |
_aRU _bNLR _gpsbo |
|
| 801 | 1 |
_aRU _bELAR _2rusmarc |
|
| 852 |
_aNLR _bС _jК-2/6277 |
||
| 942 | _cBOOK | ||
| 980 | _aNB | ||